Mario Kart Wii Characters - Statistics

General Stats
  • This quiz has been taken 114 times
  • The average score is 21 of 26
Answer Stats
Weight Class Answer % Correct
Medium Mario
97%
Heavy Bowser
96%
Light Toad
96%
Medium Luigi
95%
Medium Peach
92%
Heavy Wario
92%
Light Baby Mario
91%
Heavy Donkey Kong
91%
Medium Daisy
90%
Heavy Waluigi
90%
Light Baby Luigi
89%
Light Baby Peach
89%
Medium Diddy Kong
89%
Light Baby Daisy
87%
Medium Yoshi
87%
Light Koopa Troopa
82%
Heavy Rosalina
82%
Light Dry Bones
81%
Light Toadette
81%
Medium Bowser Jr
78%
Heavy King Boo
76%
Heavy Dry Bowser
75%
Heavy Funky Kong
75%
Medium Birdo
71%
Varies Mii A
34%
Varies Mii B
34%
No matching quizzes found
Score Distribution
Percent of People with Each Score
Percentile by Number Answered
Your Score History
You have not taken this quiz